| 000 | 00407nam a22001697a 4500 | ||
|---|---|---|---|
| 003 | MPLRDC | ||
| 005 | 20220104113949.0 | ||
| 008 | 210129b ||||| |||| 00| 0 eng d | ||
| 020 | _a962-257-743-1 | ||
| 082 | _a848.4 JPA-8 c.2 | ||
| 100 | _a贾平凹著 | ||
| 245 |
_a抱散集 _c |
||
| 260 |
_a _b天地图书有限公司 _c1994 |
||
| 300 | _b平 | ||
| 650 | _a现代别集 | ||
| 942 |
_cBK _o848.4 JPA-8 c.2 |
||
| 999 |
_c3742 _d3732 |
||